Responses for Jeopardy! Masters game #28 - Friday, May 10, 2024

2024 Jeopardy! Masters quarterfinal game 8.

Contestants

[<< previous game]

James Holzhauer, the self-described "final boss" of Jeopardy! from Las Vegas, Nevada

Yogesh Raut, a cognitive and behavioral scientist from Vancouver, Washington

Victoria Groce, a writer and television personality from Pittsburgh, Pennsylvania

[next game >>]

Jeopardy! Round responses

SONG LYRICS, BABY
(Ken: You'll name the singer or group.)
A LITERARY TIPPLE
BODIES OF WATER
ADD A LETTER
(Ken: Each correct response two words.)
EVERYDAY I.P.
MADE YOU SAY IT
    200 27
Britney Spears

James
    200 25
rye

Yogesh
    200 26
Angel Falls

James
    200 28
lease & please

Yogesh
    200 29
(Yogesh: What is... power off?)

unlock

YogeshJames
    200 30
Galileo

Yogesh
    400 24
Donna Summer

Victoria
    400 15
(Yogesh: What's a [*] night?)
(Ken: Yes. [*] is the drink.)

dark and stormy

Yogesh
    400 3
the Gulf of Tonkin

James
    400 20
rogue & brogue

James
    400 14
(James: What is, uh... [smiles] entrepreneurial... [smiles] content?)

a trade secret

VictoriaJames
    400 23
(Victoria: What is the Easter Massacre?)

Bloody Sunday

VictoriaYogesh
    600 18
The Ronettes

James
    600 7
dandelion wine

James
    600 2
Baikal

James
    600 6
gout & grout

Yogesh
    600 21
"Yes! We Have No Bananas"

Yogesh
    5,200 22
the military-industrial complex

Yogesh
    800 5
The Human League

Yogesh
    800 8
For Whom the Bell Tolls

Victoria
    800 1
(James: [Looking at Victoria] Ha-ha! What's [*]?)
[Victoria laughs.]
(Ken: You beat Victoria to the Pittsburgh clue.)

the Allegheny

James
    800 19
bride & bridle

Triple Stumper
    800 9
(Ken: That's a trademark.)

Sheetrock

Triple Stumper
    800 12
Tituba

Yogesh
    1000 17
(Ken: Maybe I just didn't sell it. That's [*].)

Usher

Triple Stumper
    1000 10
(Ken: In Tristram [*], correct.)

shandy

Victoria
    1000 4
Constance

James
    1000 16
topical & tropical

Yogesh
    1000 11
Indonesia

Yogesh
    1000 13
Laocoön

Victoria

Scores at the end of the Jeopardy! Round:

Victoria Yogesh James
3,200 11,200 4,600

Double Jeopardy! Round responses

NONFICTION
TELEVISION MINISERIES
SYNDROMES
THE ARTS
POINTS OF VIEW
WORDS TAKEN OUT OF CONTEXT
(Ken: And, in fact, put back somewhere else, as you will see.)
    400 18
Douglass

Victoria
    400 30
Sharp Objects

Yogesh
    400 29
Down syndrome

Victoria
    400 28
Balanchine

Yogesh
    400 27
colorblind (Constitution)

Yogesh
    400 26
(Ken: [*] Kelly and Mckenna [*].)

grace

Triple Stumper
    800 8
The Five Families

James
    800 21
Chernobyl

James
    800 15
carpal tunnel syndrome

James
    800 9
(Ken: By Velázquez, yes.)

Las Meninas

James
    800 16
(Victoria: What is 30?)

32

Victoria
Triple Stumper
    800 25
(Ken: From the [*] Forest...", well done.)

redwood

James
    1200 2
(Yogesh: I do love a miniseries. MINISERIES 2000.)

The Second Sex

Yogesh
    1200 20
(Riz) Ahmed

Victoria
    1200 13
Reye's syndrome

Victoria
    1200 6
"La donna è mobile"

Yogesh
    1200 11
(Ken: Yes, your animal call history is payin' off.)
(Victoria: That's right!)

free range

Victoria
    1200 24
(Ken: In [*] Is the Night, well done.)

tender

Victoria
    1600 5
Confessions

James
    1600 19
Margaret Qualley

Yogesh
    3,200 1
Marfan syndrome

Victoria
    7,800 10
(Ken: You have a chance to tie the game up here, James, if you bet it all.)
(James: Yeah, all of it.)
(Ken: I can't believe it! All right.)
[Laughter]

the Ghent Altarpiece

James
    1600 7
artificial general intelligence

Victoria
    1600 23
(Ken: James saw it a little too late.)

congestion

Triple Stumper
    2000 4
Montaigne

Victoria
    2000 3
The Looming Tower

Yogesh
    2000 12
Raynaud syndrome

Victoria
    2000 14
(Ken: Very tough one.)

Jean-Antoine Houdon

Triple Stumper
    2000 17
anarcho-syndicalism

Victoria
    2000 22
noble

Victoria

Scores at the end of the Double Jeopardy! Round:

Victoria Yogesh James
20,800 18,400 18,000

[wagering suggestions for these scores]

Final Jeopardy! Round responses

THE AMERICAN THEATER
(Ken: [To James] You're half right, James. But no half credit.)
JamesWho are Williams & Kubrick
3,268
YogeshWho Kazan & Williams
17,601
VictoriaWho are Williams + Kazan? Hi, Nora! ♥
3,200
Elia Kazan & Tennessee Williams

Final scores:

Victoria Yogesh James
24,000 36,001 14,732
2nd place: 10 match points Winner: 10 match points 3rd place: 5 match points

Game dynamics:

Coryat scores:

Victoria Yogesh James
19,200 13,800 11,800
17 R
(including 1 DD),
2 W
19 R
(including 1 DD),
1 W
17 R
(including 1 DD),
1 W

Combined Coryat: 44,800

[game clues] [game scores] [suggest correction]

Game tape date: 2024-04-18
The J! Archive is created by fans, for fans. Scraping, republication, monetization, and malicious use prohibited; this site may use cookies and collect identifying information. See terms. The Jeopardy! game show and all elements thereof, including but not limited to copyright and trademark thereto, are the property of Jeopardy Productions, Inc. and are protected under law. This website is not affiliated with, sponsored by, or operated by Jeopardy Productions, Inc. Join the discussion at JBoard.tv.